000 00781cam1a220025300 4500
001 tmp15694405
003 UPRA
005 20190826102855.0
008 951005s1966 enk eng u
035 _a(Sirsi) r61797
035 _a(UPRA)tmp15694405
040 _cUPRA
110 2 _aW. Canning & Co., Ltd.
_6A21389.1
245 1 0 _aHandbook on electroplating, polishing, bronzing & lacquering.
250 _a20th ed.
260 _aBirmingham :
_bW. Canning & Co., Ltd.,
_c[1966]
650 0 _aElectroplating.
_6S14963.1
650 0 _aGrinding and polishing.
_6S14056.1
650 0 _aBronzing.
_6S14965.1
650 0 _aLacquer and lacquering.
_6S12842.1
650 0 _aEnamel and enameling.
_6S14966.1
949 _aTS670
_wlcc
_i-81438
_mMAIN
_tBOOK
_lON-SHELF
004 61797
999 _c165001
_d165001